| 000 | 00696cam a2200193 4500 | ||
|---|---|---|---|
| 001 | WB3707-11 | ||
| 008 | 000000n2001 000 0 eng u | ||
| 035 | _a(Sirsi) u110969 | ||
| 245 | _aLending to property developers increases | ||
| 260 | _c2001 | ||
| 490 |
_aTimes _v 15 February 2001, 31(1) |
||
| 520 | _aBanks' lending to property developers increased by 25% in 2000, to reach levels not seen since the height of the property boom in 1990 according to figures from the Bank of England. | ||
| 590 | _aWB | ||
| 650 | _aPROPERTY DEVELOPERS | ||
| 650 | _aBANK LENDING | ||
| 650 | _aPROPERTY INVESTMENT | ||
| 690 | _aPROPERTY-COMMERCIAL PROPERTY-COMMERCIAL PROPERTY MARKET | ||
| 942 | _n0 | ||
| 999 |
_c66139 _d66139 |
||